000 00398nam a22001697a 4500
003 OSt
005 20140310181717.0
008 130124t xxu||||| |||| 00| 0 eng d
050 _aHG 179
_b.M742 1992
245 _aMoney smarts /
260 _a[New York] :
_b Boardroom Reports,
_c c1990.
300 _a62 p. :
_c17 cm.
521 _aBSBA
562 _e1
942 _2lcc
_cBK
_kFOR
999 _c1813
_d1813